Paragon Mortgages buy-to-let index (Record no. 106961)

MARC details
000 -LEADER
fixed length control field 02163cam a2200241 4500
001 - CONTROL NUMBER
control field L137985
008 - FIXED-LENGTH DATA ELEMENTS--GENERAL INFORMATION
fixed length control field 070221s2007 d f s 000 0 eng u
035 ## - SYSTEM CONTROL NUMBER
System control number (Sirsi) u137985
041 0# - LANGUAGE CODE
Language code of text/sound track or separate title eng
050 04 - LIBRARY OF CONGRESS CALL NUMBER
Classification number 332.6324 $2 18
110 2# - MAIN ENTRY--CORPORATE NAME
Corporate name or jurisdiction name as entry element Paragon Mortgages
9 (RLIN) 4976
245 00 - TITLE STATEMENT
Title Paragon Mortgages buy-to-let index
Remainder of title February 2007
Medium [electronic resource]
260 ## - PUBLICATION, DISTRIBUTION, ETC.
Place of publication, distribution, etc. Solihull
Name of publisher, distributor, etc. Paragon Mortgages
Date of publication, distribution, etc. 2007
490 #0 - SERIES STATEMENT
Series statement Paragon Mortgages Buy-to-Let Index
Volume/sequential designation February 2007
505 2# - FORMATTED CONTENTS NOTE
Formatted contents note Highlights -- Averages -- Rental yield average for England and Wales -- Property value and rental income average for England and Wales -- Landlord property value, rental value, yield and percentage change by region -- Landlord property yields by region -- Landlord property values by region -- Landlord rental incomes by region -- Landlord property value, rental value, yield and percentage change by property type.
520 ## - SUMMARY, ETC.
Summary, etc. Average rental incomes rose from £9 700 in December to £9 942 in January ? a monthly increase of 2.5%. Regionally, the highest rental income in January was found in London (£17 194), the South West (£12 103) and the South East (£10 603). Average national property value rose 1.5% from £162 776 in December to £165 141 in January and also rose by 1.6% over the last 12 months. The region with the biggest increase over the last year was East Anglia (12.6%), followed by the North (10.1%) and the South East (9.6%). Rental yields have remained stable at 6.0% for the fifth consecutive month. Regions with the highest yields in January were the South West, East Anglia and Yorkshire, all with yields of 6.4%. Total returns rose from 7.2% to 8.0% this month. In January the region with the highest total returns on a property was East Anglia (18.3%), followed by the North (16.9%) and the South East (16.0%).
590 ## - LOCAL NOTE (RLIN)
Local note KA
650 24 - SUBJECT ADDED ENTRY--TOPICAL TERM
Topical term or geographic name entry element PARAGON MORTGAGES BUY-TO-LET INDEX
651 #4 - SUBJECT ADDED ENTRY--GEOGRAPHIC NAME
Geographic name England and Wales
Chronological subdivision 1543-
690 ## - LOCAL SUBJECT ADDED ENTRY--TOPICAL TERM (OCLC, RLIN)
Topical term or geographic name as entry element PROPERTY-RESIDENTIAL PROPERTY-RESIDENTIAL PROPERTY MARKET
856 40 - ELECTRONIC LOCATION AND ACCESS
Uniform Resource Identifier <a href="https://www.paragon-mortgages.co.uk/mortgagehome.nsf/BTLIndex">https://www.paragon-mortgages.co.uk/mortgagehome.nsf/BTLIndex</a>
Public note View the index free of charge at www.paragon-mortages.co.uk...
942 ## - ADDED ENTRY ELEMENTS (KOHA)
Suppress in OPAC 0
Holdings
Withdrawn status Lost status Source of classification or shelving scheme Damaged status Not for loan Home library Current library Shelving location Date acquired Total Checkouts Full call number Barcode Date last seen Copy number Price effective from Koha item type
    Dewey Decimal Classification     Virtual Virtual Online 10/05/2007   ONLINE PUBLICATION 137985-2001 06/08/2019 1 06/08/2019 Book